00594nam a22002057a 450000500170000001000130001702000220003003500130005203700160006504000120008108200150009310000200010824500530012826000500018127000500023130000250028150000220030665000340032865000260036220170124110010.0 aA-596731 c00.00a8170187397 aA-596731 bCen Lib/Ret aDPLbEN a370.1bBOU aBourai, H. H. A aIndian theory of education /cby H. H. A. Bourai aNew DelhibB. K. Publishing Corporationc1993 a29/9 Nangia Park, Shakti NagarbDelhie110007 aviii,253p.c20cm(Hb) aIncludes index  aEducation--Study and teaching aEducation--Philosophy